| Поле | Инд. | ПП | Название | Значение |
|---|---|---|---|---|
| Тип записи | a | |||
| Библиографический уровень | m | |||
| 001 | Контрольный номер | cc9f7c069c48475fa67dbb1be3542785 | ||
| 005 | Дата корректировки | 20220905152046.7 | ||
| 020 | c | Цена, тираж | 1 р. 10 к. | |
| 080 | a | Индекс УДК | 78С2 | |
| 090 | a | Полочн. индекс | 78С2 | |
| x | Авторский знак | П 80 | ||
| 097 | b | Оператор | *А* | |
| 097 | b | Оператор | *С* | |
| 097 | b | Оператор | *Ви* | |
| 100 | 1_ | a | Автор | Прокофьев С.С. |
| 245 | 10 | a | Заглавие | Детство |
| c | Ответственность | вступительная статья И. Нестьева | ||
| 250 | a | Основные сведения об издании | 4-е изд. | |
| 260 | a | Место издания | Москва | |
| b | Издательство | Музыка | ||
| c | Дата издания | 1980 | ||
| 300 | a | Объем | 192 с. | |
| 516 | 8_ | a | Прим. о типе комп. файла/ данных | Текст : непосредственный |
| 520 | 0_ | a | Аннотация | Это автобиографические заметки Сергея Прокофьева. Первая их часть касается периода детства. Они показывают, как и в каких условиях жизни семьи развивался этот замечательный талант. Во второй части содержатся воспоминания композитора Глиэра о С. Прокофьеве. |
| 583 | a | Действие | Ретро | |
| 653 | 0_ | a | Ключевые слова | Прокофьев С.С. |
| a | Ключевые слова | Русская советская музыка | ||
| a | Ключевые слова | Воспоминания | ||
| a | Ключевые слова | Выставка одной книги | ||
| a | Ключевые слова | Зал искусств ТвГТУ | ||
| 900 | a | Имя макрообъекта | 001-000148809-000000000-0000-0000-01 | |
| 901 | t | Тип документа | m | |
| 905 | a | Дата создания записи | 11.07.22 | |
| b | Дата создания записи обработка | 11.07.22 | ||
| 952 | a | Тип литературы для КСУ ВШ | *Н* | |
| e | Факультет | *ФУСК* | ||
| 990 | c | Приоритет заказа (DOS) | *д* | |
| f | Даты поступлений (DOS) | 11.07.22 | ||
| g | Размещение заказа (DOS) | ретро | ||
| h | N записи в КСУ для Б/У (DOS) | 219/1980 | ||
| j | Количество экземпляров (DOS) | 1 |